000 00635nam a22001697a 4500
999 _c12360
_d12360
008 190123b ||||| |||| 00| 0 eng d
082 _22018
_aUT 1166
_bA96
100 _aAwo, Irvin Jay C.
_934888
245 _aEnglish language and mathematics performances of grade 9 students /
_cIrvin Jay C. Awo, Siwtzel M. Baran, and Rigelie A. Sambulot
260 _aDigos City:
_bUMDC
_cNovember 2018.
300 _a69 pages;
_c30 cm.
650 _aEducation
_vMathematics
_xUndergraduate thesis.
_934889
700 _aAwo, Irvin Jay C.
_934888
700 _aBaran, Switzel M.
_934890
700 _aSambulot, Rigelie A.
_934891
942 _2ddc
_cUT